| 000 | 00495nam a22001697a 4500 | ||
|---|---|---|---|
| 999 |
_c251162 _d251162 |
||
| 003 | OSt | ||
| 005 | 20240819160233.0 | ||
| 008 | 240819b xxu||||| |||| 00| 0 eng d | ||
| 020 | _a8190430920 | ||
| 040 | _cN/A | ||
| 100 | _aR.K. Maiti, V.P. Singh, S.S. Purohit & P. Vidyasagar | ||
| 245 | _aResearch Advances in Sunflower (Helianthus annuus L.) | ||
| 250 | _aAdvances in Agronomy 1 | ||
| 260 |
_c2007 _aNewYork _bAgrobios [International] |
||
| 300 | _b512 pages;col;.ill | ||
| 942 |
_cBK _2lcc |
||